000
00517nam a2200181Ia 4500
008
100917s9999 xx 000 0 und d
082
_b
13659
100
_a
पाठक बा. ल.
245
_a
पंचमुखी हनुमान कवच
260
_b
---
300
_a
12
365
_b
0
520
_a
कविता
630
_a
पंचमुखी हनुमान कवच
650
_a
कविता
730
_a
पंचमुखी हनुमान कवच
942
_c
BOOK
999
_c
619053
_d
619050